[Event "40º Torneo Internacional de Ajedrez de "]
[Site "La Roda (Albacete) - ESPAÑA"]
[Date "2013.03.30"]
[Round "6"]
[White "Navarrete Espi, Samuel"]
[Black "Libiszewski, Fabien"]
[Result "0-1"]
[WhiteElo "2180"]
[BlackElo "2518"]
[PlyCount "144"]
[EventDate "2013.03.27"]
[EventRounds "9"]
[EventCountry "ESP"]

1. e4 c5 2. Nf3 Nc6 3. d4 cxd4 4. Nxd4 e5 5. Nb5 d6 6. c4 Be7 7. N1c3 a6 8. Na3
Be6 9. Be2 Nf6 10. Be3 O-O 11. O-O Rc8 12. f3 Nh5 13. Nd5 Bg5 14. Bb6 Qe8 15.
g3 Bh3 16. Rf2 Bd8 17. Be3 Nf6 18. Nb6 Bxb6 19. Bxb6 Qe7 20. Nc2 Nd7 21. Be3
Nc5 22. b4 Ne6 23. b5 Na5 24. Qd5 axb5 25. Qxb5 Nc6 26. Rb1 Rc7 27. Bb6 Rd7 28.
Ne3 Ned4 29. Nd5 Qg5 30. Qb2 Qg6 31. c5 f5 32. cxd6 fxe4 33. Bxd4 exd4 34. Ne7+
Nxe7 35. dxe7 Rxe7 36. Bc4+ Be6 37. Bxe6+ Qxe6 38. fxe4 Rxf2 39. Qxf2 Qxe4 40.
Rf1 h6 41. Qf8+ Kh7 42. Qf5+ Qxf5 43. Rxf5 d3 44. Rd5 Re1+ 45. Kf2 Re2+ 46. Kf3
Rxh2 47. Rxd3 Rxa2 48. Rb3 Ra7 49. Rb6 Kg8 50. Kf4 Kf8 51. g4 Ke8 52. Kf5 Kd8
53. Kg6 Ra4 54. g5 Kc7 55. Rb3 hxg5 56. Kxg5 Ra6 57. Kf5 Rc6 58. Ke5 Rc5+ 59.
Kd4 b6 60. Rg3 g5 61. Rh3 Kc6 62. Rh6+ Kb5 63. Rg6 Rc4+ 64. Kd3 g4 65. Kd2 Kc5
66. Kd3 b5 67. Kd2 Kb4 68. Rg5 Rd4+ 69. Kc2 Kc4 70. Rg8 b4 71. Rc8+ Kd5 72. Rg8
Ke5 0-1

[Event "40º Torneo Internacional de Ajedrez de "]
[Site "La Roda (Albacete) - ESPAÑA"]
[Date "2013.03.30"]
[Round "6"]
[White "Plaskett, H James"]
[Black "Bendayan Claros, Aaron"]
[Result "1-0"]
[WhiteElo "2516"]
[BlackElo "2230"]
[PlyCount "88"]
[EventDate "2013.03.27"]
[EventRounds "9"]
[EventCountry "ESP"]

1. c4 e6 2. d4 Nf6 3. Nf3 d5 4. Nc3 Nbd7 5. Bf4 c6 6. e3 Be7 7. Rc1 O-O 8. cxd5
exd5 9. Bd3 Re8 10. O-O Nf8 11. Ne5 Ne6 12. Bg3 g6 13. a3 Ng7 14. h3 Nf5 15.
Bh2 Nd6 16. f3 Be6 17. Kh1 Nd7 18. Qe2 Rc8 19. Rcd1 Kg7 20. e4 Nf6 21. Bb1 Qa5
22. g4 Rcd8 23. Qe3 Nb5 24. Ne2 Qb6 25. Nf4 Bc8 26. Ba2 c5 27. g5 cxd4 28.
gxf6+ Bxf6 29. Nh5+ gxh5 30. Rg1+ Bg4 31. Qf2 Bxe5 32. f4 Bd6 33. e5 Kh8 34.
hxg4 Be7 35. g5 Nc7 36. f5 d3 37. Qxb6 axb6 38. Rxd3 Rf8 39. e6 Nxe6 40. fxe6
fxe6 41. Re3 Bc5 42. Rxe6 Bxg1 43. Be5+ Kg8 44. Kxg1 Rf5 {....} 1-0

[Event "40º Torneo Internacional de Ajedrez de "]
[Site "La Roda (Albacete) - ESPAÑA"]
[Date "2013.03.30"]
[Round "6"]
[White "Mingarro Carceller, Sergi"]
[Black "Aguera Naredo, Javier"]
[Result "0-1"]
[WhiteElo "2210"]
[BlackElo "2390"]
[PlyCount "94"]
[EventDate "2013.03.27"]
[EventRounds "9"]
[EventCountry "ESP"]

1. d4 d6 2. Nf3 g6 3. c4 Bg7 4. g3 Nf6 5. Bg2 O-O 6. O-O Nbd7 7. Nc3 e5 8. e4
c6 9. h3 Qa5 10. Re1 exd4 11. Nxd4 Ne5 12. Bf1 Re8 13. Be3 c5 14. Nb3 Qb4 15.
a3 Qb6 16. f4 Nc6 17. Bf2 Be6 18. Qc2 Rad8 19. Rad1 a6 20. Rd2 Qc7 21. Red1 h5
22. Ne2 b5 23. cxb5 axb5 24. Bg2 Bxb3 25. Qxb3 Nxe4 26. Bxe4 Rxe4 27. Qxb5 Rb8
28. Qd3 Re6 29. Nc3 Nd4 30. Bxd4 Bxd4+ 31. Kh2 h4 32. Nd5 Qc6 33. Qf3 hxg3+ 34.
Kxg3 Qa4 35. b4 Rbe8 36. Rxd4 cxd4 37. Rxd4 Qc2 38. Rd3 Qc1 39. Rd1 Qb2 40. Rd3
Re1 41. Qf2 R1e2 42. Qd4 Rg2+ 43. Kh4 Qxd4 44. Rxd4 Kg7 45. Rd3 g5+ 46. fxg5
Re4+ 47. Kh5 Re8 0-1

[Event "40º Torneo Internacional de Ajedrez de "]
[Site "La Roda (Albacete) - ESPAÑA"]
[Date "2013.03.30"]
[Round "6"]
[White "Kovacevic, Slobodan"]
[Black "Lara Lopez, Sergio"]
[Result "1-0"]
[WhiteElo "2331"]
[BlackElo "2146"]
[PlyCount "89"]
[EventDate "2013.03.27"]
[EventRounds "9"]
[EventCountry "ESP"]

1. d4 Nf6 2. Nf3 e6 3. Bf4 c5 4. e3 Qb6 5. Qc1 Nc6 6. c3 Nh5 7. Bg3 d5 8. Qc2
cxd4 9. exd4 Nxg3 10. hxg3 h6 11. Nbd2 Bd7 12. Bd3 Rc8 13. a3 a5 14. Rb1 Be7
15. Nf1 Bf6 16. Qe2 Kd8 17. Ne3 Kc7 18. Ng4 Kb8 19. Kf1 Na7 20. Kg1 Bb5 21.
Nfe5 Rc7 22. Nxf6 gxf6 23. Ng4 f5 24. Nf6 Bxd3 25. Qxd3 Nb5 26. Nh5 Nd6 27. Nf4
Ne4 28. Qd1 Qd6 29. Qe1 Re7 30. f3 Nf6 31. Rd1 h5 32. Rh4 e5 33. dxe5 Rxe5 34.
Qf2 Rhe8 35. Kh2 Qc6 36. Qd4 b6 37. Nxh5 Nxh5 38. Rxh5 Qg6 39. Rh4 Re2 40. Qf4+
Kb7 41. Rh6 Qg7 42. Rxd5 Rxb2 43. Rd7+ Ka8 44. Qd6 Qxc3 45. Qd5+ 1-0

[Event "40º Torneo Internacional de Ajedrez de "]
[Site "La Roda (Albacete) - ESPAÑA"]
[Date "2013.03.30"]
[Round "6"]
[White "Saenz Narciso, Miguel Angel"]
[Black "Hernandez, Ivan"]
[Result "1/2-1/2"]
[WhiteElo "2179"]
[BlackElo "2320"]
[PlyCount "36"]
[EventDate "2013.03.27"]
[EventRounds "9"]
[EventCountry "ESP"]

1. e4 c5 2. Nf3 e6 3. d4 cxd4 4. Nxd4 Nc6 5. Nc3 Qc7 6. Be2 a6 7. O-O Nf6 8.
Be3 Bb4 9. Na4 Be7 10. Nxc6 bxc6 11. Nb6 Rb8 12. Nxc8 Qxc8 13. e5 Nd5 14. Bc1
Bc5 15. c4 Ne7 16. b3 O-O 17. Bb2 Qc7 18. Kh1 a5 1/2-1/2

[Event "40º Torneo Internacional de Ajedrez de "]
[Site "La Roda (Albacete) - ESPAÑA"]
[Date "2013.03.30"]
[Round "6"]
[White "Munoz Navarro, Alberto"]
[Black "Cruz Lledo, Pablo"]
[Result "0-1"]
[WhiteElo "2177"]
[BlackElo "2277"]
[PlyCount "82"]
[EventDate "2013.03.27"]
[EventRounds "9"]
[EventCountry "ESP"]

1. d4 d5 2. c4 dxc4 3. Nf3 Nf6 4. e3 g6 5. Bxc4 Bg7 6. O-O O-O 7. Nc3 Nfd7 8.
h3 Nb6 9. Bb3 Nc6 10. Qe2 e5 11. dxe5 Nxe5 12. Rd1 Qe7 13. e4 c6 14. Nxe5 Qxe5
15. Be3 Be6 16. Bd4 Qc7 17. Bxg7 Kxg7 18. Bxe6 fxe6 19. e5 Rad8 20. Rxd8 Rxd8
21. Re1 Nd5 22. Qg4 Nxc3 23. bxc3 Qd7 24. Kh2 Qf7 25. Re3 Qf5 26. Qg3 Rd5 27.
c4 Ra5 28. Qh4 g5 29. Qd4 Qf4+ 30. Qxf4 gxf4 31. Rd3 Kg6 32. Rd7 b5 33. Rd6
Rxa2 34. Rxe6+ Kf5 35. Rxc6 b4 36. e6 Kf6 37. Rd6 a5 38. Rb6 Rxf2 39. c5 Rc2
40. Rb5 f3 41. Rxa5 f2 0-1

[Event "40º Torneo Internacional de Ajedrez de "]
[Site "La Roda (Albacete) - ESPAÑA"]
[Date "2013.03.30"]
[Round "6"]
[White "Picazo Lopez, Juan Antonio"]
[Black "Montoliu Cervero, Francisco"]
[Result "0-1"]
[WhiteElo "2156"]
[BlackElo "2249"]
[PlyCount "80"]
[EventDate "2013.03.27"]
[EventRounds "9"]
[EventCountry "ESP"]

1. d4 Nf6 2. c4 e6 3. Nc3 Bb4 4. e3 O-O 5. Bd3 d5 6. cxd5 exd5 7. Nge2 a5 8.
O-O Re8 9. f3 c5 10. a3 Bxc3 11. bxc3 c4 12. Bc2 b5 13. Ng3 Nc6 14. e4 Qb6 15.
Kh1 Rb8 16. e5 Nd7 17. f4 b4 18. Bd2 b3 19. Bb1 Qd8 20. Qh5 Nf8 21. f5 Ne7 22.
e6 fxe6 23. f6 gxf6 24. Rxf6 Neg6 25. Bxg6 Qxf6 26. Bxe8 Bd7 27. Bxd7 Nxd7 28.
Qg5+ Qxg5 29. Bxg5 Nb6 30. Kg1 Na4 31. Ne2 b2 32. Rb1 Rb3 33. Be7 e5 34. dxe5
d4 35. cxd4 c3 36. d5 c2 37. Rxb2 Rxb2 38. Bg5 Rb5 39. d6 Nc5 40. Be3 Ne6 0-1

[Event "40º Torneo Internacional de Ajedrez de "]
[Site "La Roda (Albacete) - ESPAÑA"]
[Date "2013.03.30"]
[Round "6"]
[White "Moreno Ibanez, Miguel"]
[Black "Serna Lara, Sergio"]
[Result "0-1"]
[WhiteElo "2084"]
[BlackElo "2248"]
[PlyCount "58"]
[EventDate "2013.03.27"]
[EventRounds "9"]
[EventCountry "ESP"]

1. e4 e6 2. d4 d5 3. Nd2 c5 4. Ngf3 cxd4 5. exd5 Qxd5 6. Bc4 Qd6 7. O-O Nf6 8.
Nb3 Nc6 9. Nbxd4 Nxd4 10. Nxd4 a6 11. c3 Qc7 12. Bb3 Bd6 13. Kh1 O-O 14. Qf3 e5
15. Nc2 e4 16. Qe2 Bg4 17. Qe1 Bxh2 18. Bg5 Qe5 19. Bh4 Qh5 20. f3 exf3 21.
gxf3 Bh3 22. Kxh2 Bxf1 23. Qg3 Bd3 24. Nd4 Bg6 25. Kg2 Nd5 26. Bg5 h6 27. Bd2
Rfe8 28. Kf2 Rad8 29. f4 Nf6 0-1

[Event "40º Torneo Internacional de Ajedrez de "]
[Site "La Roda (Albacete) - ESPAÑA"]
[Date "2013.03.30"]
[Round "7"]
[White "Burmakin, Vladimir"]
[Black "Lopez Martinez, Josep Manuel"]
[Result "1/2-1/2"]
[WhiteElo "2577"]
[BlackElo "2500"]
[PlyCount "37"]
[EventDate "2013.03.27"]
[EventRounds "9"]
[EventCountry "ESP"]

1. d4 Nf6 2. Nf3 d5 3. c4 e6 4. Nc3 c5 5. cxd5 Nxd5 6. e4 Nxc3 7. bxc3 cxd4 8.
cxd4 Bb4+ 9. Bd2 Bxd2+ 10. Qxd2 O-O 11. Be2 b6 12. O-O Bb7 13. Qe3 Nd7 14. Rfc1
Rc8 15. Nd2 Nf6 16. f3 Qd7 17. Rxc8 Rxc8 18. Nc4 Ne8 19. Rd1 1/2-1/2

[Event "40º Torneo Internacional de Ajedrez de "]
[Site "La Roda (Albacete) - ESPAÑA"]
[Date "2013.03.30"]
[Round "7"]
[White "Strikovic, Aleksa"]
[Black "Ibarra Jerez, Jose Carlos"]
[Result "1/2-1/2"]
[WhiteElo "2500"]
[BlackElo "2544"]
[PlyCount "44"]
[EventDate "2013.03.27"]
[EventRounds "9"]
[EventCountry "ESP"]

1. c4 e5 2. Nc3 Nf6 3. Nf3 Nc6 4. e3 Bb4 5. Qc2 Bxc3 6. Qxc3 Qe7 7. d4 Ne4 8.
Qd3 exd4 9. Nxd4 Nxd4 10. Qxd4 O-O 11. f3 Nc5 12. Be2 a5 13. O-O d6 14. Re1 f5
15. b3 b6 16. Bb2 Bb7 17. Bd1 Nd7 18. Bc2 Qg5 19. Kf2 Rf7 20. a3 Qh5 21. h4 Nc5
22. Rh1 Ne6 1/2-1/2

[Event "40º Torneo Internacional de Ajedrez de "]
[Site "La Roda (Albacete) - ESPAÑA"]
[Date "2013.03.30"]
[Round "7"]
[White "Ubilava, Elizbar"]
[Black "Suba, Mihai"]
[Result "1/2-1/2"]
[WhiteElo "2495"]
[BlackElo "2414"]
[PlyCount "29"]
[EventDate "2013.03.27"]
[EventRounds "9"]
[EventCountry "ESP"]

1. d4 Nf6 2. c4 e6 3. Nc3 Bb4 4. Nf3 c5 5. g3 Nc6 6. Bg2 Ne4 7. Qc2 cxd4 8.
Nxd4 Nxc3 9. bxc3 Nxd4 10. Qd2 Nc2+ 11. Qxc2 Bc5 12. O-O O-O 13. Rb1 Rb8 14.
Bf4 d6 15. Rfd1 {...} 1/2-1/2

[Event "40º Torneo Internacional de Ajedrez de "]
[Site "La Roda (Albacete) - ESPAÑA"]
[Date "2013.03.30"]
[Round "7"]
[White "Cruz Lledo, Pablo"]
[Black "Sedlak, Nikola"]
[Result "0-1"]
[WhiteElo "2277"]
[BlackElo "2577"]
[PlyCount "78"]
[EventDate "2013.03.27"]
[EventRounds "9"]
[EventCountry "ESP"]

1. d4 d5 2. c4 c6 3. Nf3 Nf6 4. e3 Bf5 5. Nc3 e6 6. Be2 Nbd7 7. Nh4 Bg6 8. O-O
Ne4 9. g3 Nd6 10. b3 Be7 11. Ng2 h6 12. Bb2 O-O 13. Bd3 Bxd3 14. Qxd3 Nf6 15.
Rad1 Qa5 16. Ba1 dxc4 17. bxc4 Qa6 18. c5 Qxd3 19. Rxd3 Nc4 20. Rc1 b5 21. Ne1
Rfd8 22. Rdd1 e5 23. dxe5 Nd7 24. Ne4 Nxc5 25. Nxc5 Bxc5 26. Nd3 Ba3 27. Rb1 a5
28. Bd4 Rac8 29. Nc5 Bxc5 30. Bxc5 Nxe5 31. f4 Nf3+ 32. Kf2 Nd2 33. Bb6 Nxb1
34. Rxd8+ Rxd8 35. Bxd8 a4 36. Ba5 c5 37. Be1 b4 38. Kf3 a3 39. Ke2 b3 0-1

[Event "40º Torneo Internacional de Ajedrez de "]
[Site "La Roda (Albacete) - ESPAÑA"]
[Date "2013.03.30"]
[Round "7"]
[White "Libiszewski, Fabien"]
[Black "Kovacevic, Slobodan"]
[Result "1-0"]
[WhiteElo "2518"]
[BlackElo "2331"]
[PlyCount "59"]
[EventDate "2013.03.27"]
[EventRounds "9"]
[EventCountry "ESP"]

1. e4 c5 2. Nf3 e6 3. d4 cxd4 4. Nxd4 a6 5. Be2 Nf6 6. Nc3 Qc7 7. O-O d6 8. f4
Be7 9. Kh1 O-O 10. Qd3 b5 11. e5 Ne8 12. Qh3 Bb7 13. Bd3 g6 14. f5 exf5 15.
Nxf5 dxe5 16. Nh6+ Kg7 17. Nxf7 Rxf7 18. Rxf7+ Kxf7 19. Qxh7+ Ke6 20. Qxg6+ Kd7
21. Bf5+ Kd8 22. Bg5 Nc6 23. Nd5 Qd6 24. Nxe7 Nxe7 25. Bxe7+ Qxe7 26. Qb6+ Qc7
27. Rd1+ Ke7 28. Qe6+ Kf8 29. Rd7 Qc4 30. Qh6+ 1-0

[Event "40º Torneo Internacional de Ajedrez de "]
[Site "La Roda (Albacete) - ESPAÑA"]
[Date "2013.03.30"]
[Round "7"]
[White "Montoliu Cervero, Francisco"]
[Black "Plaskett, H James"]
[Result "0-1"]
[WhiteElo "2249"]
[BlackElo "2516"]
[PlyCount "40"]
[EventDate "2013.03.27"]
[EventRounds "9"]
[EventCountry "ESP"]

1. e4 c5 2. Nf3 d6 3. d4 cxd4 4. Nxd4 Nf6 5. Nc3 e6 6. Be3 a6 7. f3 b5 8. Qd2
Bb7 9. g4 h6 10. O-O-O Nbd7 11. Bd3 Rc8 12. Kb1 Be7 13. h4 Ne5 14. g5 Nh5 15.
Rhg1 hxg5 16. hxg5 g6 17. f4 Nxd3 18. Qxd3 Qc7 19. f5 Qc4 20. fxe6 fxe6 {.....}
0-1

[Event "40º Torneo Internacional de Ajedrez de "]
[Site "La Roda (Albacete) - ESPAÑA"]
[Date "2013.03.30"]
[Round "7"]
[White "Serna Lara, Sergio"]
[Black "Khamrakulov, Ibragim S"]
[Result "1-0"]
[WhiteElo "2248"]
[BlackElo "2506"]
[PlyCount "87"]
[EventDate "2013.03.27"]
[EventRounds "9"]
[EventCountry "ESP"]

1. d4 Nf6 2. c4 e6 3. Nc3 Bb4 4. Qc2 c5 5. dxc5 Bxc5 6. Nf3 h6 7. Bf4 O-O 8. e3
Nc6 9. a3 a5 10. Rd1 Qe7 11. Be2 Rd8 12. Bc7 Re8 13. Bg3 b6 14. Nb5 Rf8 15. Nc7
Rb8 16. Nb5 e5 17. Nc3 d6 18. O-O Qb7 19. Nd2 Bg4 20. Bxg4 Nxg4 21. Nde4 f5 22.
Nxd6 Qd7 23. Nde4 Qb7 24. Nxc5 bxc5 25. h3 f4 26. Bh4 Nf6 27. Bxf6 Rxf6 28. Ne4
Rff8 29. Nxc5 Qxb2 30. Qe4 Rbc8 31. Rd7 Rf6 32. Qd5+ Kh8 33. Ne4 Rff8 34. Nd6
fxe3 35. Nf7+ Rxf7 36. Qxf7 Rg8 37. fxe3 Qxa3 38. Qf3 Nb4 39. Qe4 Qc3 40. Rf6
Qc1+ 41. Kh2 Qc2 42. Rxh6+ gxh6 43. Qxe5+ Rg7 44. Qxg7# 1-0

[Event "40º Torneo Internacional de Ajedrez de "]
[Site "La Roda (Albacete) - ESPAÑA"]
[Date "2013.03.30"]
[Round "7"]
[White "Gavilan Diaz, Mario"]
[Black "Munoz Pantoja, Miguel"]
[Result "0-1"]
[WhiteElo "2233"]
[BlackElo "2483"]
[PlyCount "98"]
[EventDate "2013.03.27"]
[EventRounds "9"]
[EventCountry "ESP"]

1. d4 c5 2. d5 Nf6 3. c4 g6 4. Nc3 Bg7 5. e4 O-O 6. Nf3 d6 7. h3 e6 8. Bd3 exd5
9. cxd5 b5 10. Nxb5 Nxe4 11. O-O a6 12. Nc3 Nxc3 13. bxc3 Bxc3 14. Rb1 Nd7 15.
Bg5 Bf6 16. Bf4 Nb6 17. Qb3 Rb8 18. Bd2 Nd7 19. Qa4 Rxb1 20. Rxb1 Ne5 21. Nxe5
Bxe5 22. Bxa6 Bf5 23. Rc1 Bd4 24. Qb3 Qa8 25. Bc4 Be4 26. Qb6 Bxd5 27. Bxd5
Qxd5 28. Bf4 Qxa2 29. Bxd6 Qxf2+ 30. Kh1 Re8 31. Qb1 Kg7 32. Rf1 Qe2 33. Bg3
Re3 34. Bf2 Rxh3+ 35. gxh3 Bxf2 36. Qd1 Qe4+ 37. Kh2 Qf4+ 38. Kh1 Qe4+ 39. Kh2
Bd4 40. Qf3 Qe5+ 41. Kh1 Qe6 42. Rd1 h5 43. Rf1 c4 44. Kg2 c3 45. Rc1 Qe5 46.
Rf1 Qg5+ 47. Kh1 f5 48. Qd3 Qe3 49. Qxe3 Bxe3 0-1

[Event "40º Torneo Internacional de Ajedrez de "]
[Site "La Roda (Albacete) - ESPAÑA"]
[Date "2013.03.30"]
[Round "7"]
[White "Pilgaard, Kim"]
[Black "Claros Egea, Christian"]
[Result "1-0"]
[WhiteElo "2432"]
[BlackElo "2236"]
[PlyCount "91"]
[EventDate "2013.03.27"]
[EventRounds "9"]
[EventCountry "ESP"]

1. d4 d5 2. c4 c6 3. Nf3 Nf6 4. Nc3 dxc4 5. a4 Bf5 6. Ne5 Nbd7 7. Nxc4 Qc7 8.
g3 e5 9. dxe5 Nxe5 10. Bf4 Nfd7 11. Bg2 g5 12. Ne3 gxf4 13. Nxf5 O-O-O 14. O-O
Nc5 15. Qc2 fxg3 16. hxg3 a5 17. Rfd1 h5 18. Rxd8+ Qxd8 19. Rd1 Qf6 20. Ne4
Nxe4 21. Qxe4 Bb4 22. b3 Ng4 23. Bh3 Kb8 24. Bxg4 hxg4 25. Qxg4 Qe6 26. Qf3 Re8
27. Kf1 Ka8 28. Rd3 Bc5 29. e3 Rh8 30. Kg2 Qg6 31. Rc3 Qh7 32. Kg1 Bb4 33. Rd3
Qg6 34. Rd4 Qe6 35. Rc4 Qe5 36. Rh4 Rd8 37. Rd4 Rh8 38. Rh4 Rd8 39. Rd4 Rh8 40.
Qe4 Qf6 41. Kg2 Bc5 42. Rd7 Qa1 43. Nh4 Qb2 44. Qd3 Qf6 45. Qf5 Qb2 46. Qxc5
1-0

[Event "40º Torneo Internacional de Ajedrez de "]
[Site "La Roda (Albacete) - ESPAÑA"]
[Date "2013.03.30"]
[Round "7"]
[White "Antoli Royo, Joaquin Miguel"]
[Black "Martins, David Pires Tavares"]
[Result "1/2-1/2"]
[WhiteElo "2414"]
[BlackElo "2183"]
[PlyCount "146"]
[EventDate "2013.03.27"]
[EventRounds "9"]
[EventCountry "ESP"]

1. b3 e5 2. Bb2 Nc6 3. e3 Nf6 4. Bb5 Bd6 5. Na3 a6 6. Bxc6 dxc6 7. Nc4 Qe7 8.
Ne2 O-O 9. O-O Bg4 10. f3 Bd7 11. f4 exf4 12. Nxf4 Ng4 13. Qe1 Qg5 14. Qg3 h5
15. Nxd6 cxd6 16. Nd3 Qg6 17. h3 Nh6 18. Qxg6 fxg6 19. e4 Rxf1+ 20. Rxf1 Re8
21. Re1 g5 22. Re2 Bf5 23. Nf2 g4 24. Re3 Bd7 25. h4 d5 26. g3 dxe4 27. Rxe4
Rxe4 28. Nxe4 Nf5 29. Kf2 Kf7 30. a4 b5 31. Nc5 Bc8 32. Be5 g5 33. hxg5 Kg6 34.
Bf6 h4 35. gxh4 Nxh4 36. Nd3 Nf3 37. Kg3 Nxd2 38. Ne5+ Kf5 39. Nxg4 Ne4+ 40.
Kh4 bxa4 41. bxa4 a5 42. Bd8 c5 43. Ne3+ Kg6 44. Nc4 Be6 45. Ne5+ Kf5 46. Nc6
Kg6 47. Ne7+ Kf7 48. Nc6 Kg7 49. Ne5 Nd6 50. Bf6+ Kg8 51. g6 Bf5 52. Be7 Ne4
53. c4 Kg7 54. Kh5 Ng3+ 55. Kg5 Bc2 56. Bf6+ Kg8 57. Kg4 Ne4 58. Bd8 Bxa4 59.
Bxa5 Kg7 60. Kf5 Nd6+ 61. Kg5 Be8 62. Bd8 Ne4+ 63. Kf5 Bxg6+ 64. Nxg6 Nd6+ 65.
Ke6 Nxc4 66. Nf4 Nd2 67. Bf6+ Kh6 68. Kd5 c4 69. Bc3 Nf3 70. Kxc4 Kg5 71. Ne2
Kf5 72. Kd3 Ne5+ 73. Kd4 Ng6 1/2-1/2

[Event "40º Torneo Internacional de Ajedrez de "]
[Site "La Roda (Albacete) - ESPAÑA"]
[Date "2013.03.30"]
[Round "7"]
[White "Aguera Naredo, Javier"]
[Black "Sanchez Dengra, Jose Maria"]
[Result "1-0"]
[WhiteElo "2390"]
[BlackElo "2082"]
[PlyCount "113"]
[EventDate "2013.03.27"]
[EventRounds "9"]
[EventCountry "ESP"]

1. e4 c5 2. Nf3 Nc6 3. d4 cxd4 4. Nxd4 e6 5. Nc3 d6 6. Be2 Nf6 7. O-O Be7 8.
Be3 O-O 9. f4 a6 10. a4 Bd7 11. Nb3 b6 12. Bf3 Qc7 13. Kh1 Bc8 14. g4 Bb7 15.
g5 Nd7 16. Bg2 Rfe8 17. Rf3 g6 18. Rh3 Bf8 19. Qd2 Rab8 20. Rd1 Na5 21. Qf2 Nc4
22. Bc1 Bg7 23. Qh4 Nf8 24. Nd4 Rbd8 25. b3 Na5 26. Nde2 d5 27. e5 d4 28. Rxd4
Bxg2+ 29. Kxg2 Rxd4 30. Nxd4 Rd8 31. Qf2 Nc6 32. Nce2 Qd7 33. Bb2 Nb4 34. c3
Nc6 35. c4 Qc7 36. Rd3 h6 37. h4 h5 38. Ba3 Nh7 39. Bd6 Rxd6 40. exd6 Qxd6 41.
Qe3 e5 42. Nf3 Qe6 43. Ng3 Nf8 44. fxe5 Nxe5 45. Nxe5 Bxe5 46. Rd5 Bxg3 47.
Qxg3 Qe4+ 48. Kg1 Ne6 49. Re5 Qb1+ 50. Kf2 Nc5 51. Ke2 Qh1 52. Re8+ Kh7 53. Qc3
f6 54. Re7+ Kg8 55. Qd2 Nb7 56. Qd5+ Kh8 57. Re8+ 1-0

[Event "40º Torneo Internacional de Ajedrez de "]
[Site "La Roda (Albacete) - ESPAÑA"]
[Date "2013.03.30"]
[Round "7"]
[White "Tudela Corbalan, Carlos"]
[Black "Arribas Lopez, Angel"]
[Result "0-1"]
[WhiteElo "2232"]
[BlackElo "2478"]
[PlyCount "38"]
[EventDate "2013.03.27"]
[EventRounds "9"]
[EventCountry "ESP"]

1. e4 g6 2. Nc3 Bg7 3. d4 d6 4. Be3 a6 5. Be2 b5 6. f4 Nd7 7. Bf3 e5 8. dxe5
dxe5 9. Nge2 Bb7 10. O-O Ngf6 11. Qe1 Qe7 12. f5 b4 13. Nd5 Bxd5 14. exd5 e4
15. Nd4 Ne5 16. Bf4 Nxf3+ 17. gxf3 Nxd5 18. Nc6 Qc5+ 19. Kh1 O-O 0-1

[Event "40º Torneo Internacional de Ajedrez de "]
[Site "La Roda (Albacete) - ESPAÑA"]
[Date "2013.03.30"]
[Round "7"]
[White "Moskalenko, Viktor"]
[Black "Lacrosse, Marc"]
[Result "1-0"]
[WhiteElo "2531"]
[BlackElo "2195"]
[PlyCount "57"]
[EventDate "2013.03.27"]
[EventRounds "9"]
[EventCountry "ESP"]

1. d4 d5 2. c4 e6 3. Nc3 Nf6 4. cxd5 exd5 5. Bg5 c6 6. Qc2 Nbd7 7. e3 Be7 8.
Bd3 O-O 9. Nge2 Re8 10. f3 Nf8 11. Bh4 Be6 12. Bf2 Rc8 13. Qd2 a6 14. O-O c5
15. dxc5 Bxc5 16. Rad1 N8d7 17. Na4 Ba7 18. b3 b5 19. Nb2 Qe7 20. Bb1 Ne5 21.
Nd4 Nc6 22. Nd3 Bxd4 23. exd4 Bf5 24. Nc5 Bxb1 25. Rxb1 Qd6 26. Rfe1 Nd7 27.
Rxe8+ Rxe8 28. Rc1 h6 29. Bg3 1-0

[Event "40º Torneo Internacional de Ajedrez de "]
[Site "La Roda (Albacete) - ESPAÑA"]
[Date "2013.03.30"]
[Round "7"]
[White "Perez Mitjans, Orelvis"]
[Black "Navarrete Espi, Samuel"]
[Result "1-0"]
[WhiteElo "2487"]
[BlackElo "2180"]
[PlyCount "69"]
[EventDate "2013.03.27"]
[EventRounds "9"]
[EventCountry "ESP"]

1. e4 e5 2. Nf3 Nc6 3. d4 exd4 4. Bc4 Bc5 5. c3 Nf6 6. e5 d5 7. Bb5 Ne4 8. Nxd4
O-O 9. Bxc6 bxc6 10. O-O f6 11. Be3 Bxd4 12. cxd4 Ba6 13. Re1 fxe5 14. dxe5 Qh4
15. f3 Ng5 16. Nc3 Rab8 17. b3 Ne6 18. Rc1 Rf5 19. Na4 Rh5 20. h3 d4 21. Bf2
Qg5 22. h4 Qg6 23. Re4 Rf8 24. Nc5 Nf4 25. Rxf4 Rxf4 26. Nxa6 Rf8 27. Kf1 Rxe5
28. Nc5 Rd5 29. Nd3 Rf6 30. Rc4 a5 31. Qc2 c5 32. Qd2 Qf5 33. Kg1 Rg6 34. Rc1
h6 35. Qc2 {....} 1-0

[Event "40º Torneo Internacional de Ajedrez de "]
[Site "La Roda (Albacete) - ESPAÑA"]
[Date "2013.03.30"]
[Round "7"]
[White "Garza Marco, Sergio"]
[Black "Saenz Narciso, Miguel Angel"]
[Result "1/2-1/2"]
[WhiteElo "2449"]
[BlackElo "2179"]
[PlyCount "124"]
[EventDate "2013.03.27"]
[EventRounds "9"]
[EventCountry "ESP"]

1. d4 Nf6 2. c4 c5 3. d5 b5 4. cxb5 a6 5. bxa6 g6 6. Nc3 Bxa6 7. g3 d6 8. Bg2
Bg7 9. Nf3 Nbd7 10. Rb1 Nb6 11. b3 Bc8 12. Nh4 h6 13. Qc2 Bb7 14. Bb2 O-O 15.
Rd1 Qd7 16. O-O c4 17. e4 Rfc8 18. Qd2 Qd8 19. Rfe1 Nfd7 20. Bh3 Rcb8 21. Nf3
Nc5 22. Qc2 Nd3 23. Rxd3 cxd3 24. Qxd3 Nd7 25. Qd2 Ne5 26. Nxe5 Bxe5 27. Qxh6
Qf8 28. Qd2 Qg7 29. Rb1 Bc8 30. Bxc8 Rxc8 31. Na4 Rcb8 32. Bxe5 Qxe5 33. Re1
Rb7 34. Kg2 Rc8 35. Nb2 Qc3 36. Qe2 Ra7 37. Na4 Qc2 38. Kf1 Rac7 39. Nb6 Qxe2+
40. Rxe2 Rc1+ 41. Re1 Rxe1+ 42. Kxe1 Rc2 43. a3 Rb2 44. b4 Rb3 45. Nc4 Rc3 46.
Na5 Rxa3 47. Kd2 Kf8 48. Nc6 Ke8 49. h4 e6 50. dxe6 fxe6 51. Nd4 Kd7 52. b5 e5
53. Ne2 Ra2+ 54. Kd3 Rb2 55. f4 exf4 56. Nxf4 Rxb5 57. Kc4 Rc5+ 58. Kd4 g5 59.
Nd3 gxh4 60. gxh4 Rh5 61. e5 Rxh4+ 62. Kd5 dxe5 1/2-1/2

[Event "40º Torneo Internacional de Ajedrez de "]
[Site "La Roda (Albacete) - ESPAÑA"]
[Date "2013.03.30"]
[Round "7"]
[White "Donado-Mazarron Gomez, Miguel"]
[Black "Espinosa Aranda, Angel"]
[Result "1-0"]
[WhiteElo "2098"]
[BlackElo "2414"]
[PlyCount "86"]
[EventDate "2013.03.27"]
[EventRounds "9"]
[EventCountry "ESP"]

1. e4 c5 2. Nf3 Nc6 3. d4 cxd4 4. Nxd4 Nf6 5. Nc3 d6 6. f4 g6 7. Be3 Bg7 8. Be2
O-O 9. Nb3 Be6 10. O-O Qc8 11. Kh1 Rd8 12. Bf3 Bc4 13. Rf2 e5 14. Rd2 Qe6 15.
fxe5 Nxe5 16. Bg5 h6 17. Bxf6 Bxf6 18. Na5 Rab8 19. Nd5 Bg7 20. Be2 Bxe2 21.
Qxe2 Nc6 22. Nxc6 bxc6 23. Nf4 Qf6 24. Nd3 Re8 25. c3 Re6 26. Nb4 d5 27. Na6
Rd8 28. Nc5 Re5 29. Qd3 Qe7 30. b4 Re8 31. Qa6 dxe4 32. Qxc6 e3 33. Re2 Rf5 34.
Rae1 Bxc3 35. Rxe3 Bxe1 36. Qxe8+ Kg7 37. g4 Rf1+ 38. Kg2 Qh4 39. Qe5+ Kh7 40.
Ne4 Rf2+ 41. Kg1 Qxg4+ 42. Qg3 Rf1+ 43. Kxf1 Bxg3 1-0

[Event "40º Torneo Internacional de Ajedrez de "]
[Site "La Roda (Albacete) - ESPAÑA"]
[Date "2013.03.30"]
[Round "7"]
[White "Hernandez, Ivan"]
[Black "Krug Cortegoso, Rodolfo Martin"]
[Result "1/2-1/2"]
[WhiteElo "2320"]
[BlackElo "2144"]
[PlyCount "33"]
[EventDate "2013.03.27"]
[EventRounds "9"]
[EventCountry "ESP"]

1. d4 Nf6 2. Nf3 g6 3. c4 c5 4. d5 b5 5. cxb5 a6 6. b6 d6 7. Nc3 Qxb6 8. e4
Nbd7 9. Be2 Bg7 10. O-O O-O 11. Nd2 Ne5 12. Kh1 g5 13. Rb1 h6 14. b3 Bd7 15.
Nc4 Nxc4 16. bxc4 Qa5 17. Kg1 1/2-1/2